000 00284nam a2200109Ia 4500
008 190919s9999||||xx |||||||||||||| ||und||
100 _aMicrosoft Corporation
245 0 _aUser's Guide Microsoft MS - DOS 6
260 _aNew Delhi
_bBantam Books
_c2002
300 _a592
942 _cBK
999 _c10994
_d10994